[Event "OP-2012-0-02053"]
[Site "LSS email"]
[Date "2012.02.07"]
[Round "?"]
[White "Glazovskij, Vitalij"]
[Black "Simik, Frantisek"]
[Result "0-1"]
[WhiteElo "800"]
[BlackElo "729"]
[PlyCount "30"]
[EventDate "2012.02.04"]
[EventType "tourn (corr)"]
[EventRounds "4"]
[EventCountry "GER"]
[SourceTitle "Corr 2015"]
[Source "ChessBase"]
[SourceDate "2015.07.17"]
[SourceVersion "1"]
[SourceVersionDate "2015.07.17"]
[SourceQuality "1"]

1. d4 d5 2. c4 e6 3. Nc3 Nf6 4. cxd5 Nxd5 5. Nf3 Nxc3 6. bxc3 Bd7 7. e4 Be7 8. Bd3 c5 9. d5 exd5 10. exd5 Bg4 11. Qa4+ Bd7 12. Qb3 Qc7 13. 0-0 0-0 14. Rb1 b6 15. Re1 Bd6 0-1